000
00293nam a22001337a 4500
008
171013b xxu||||| |||| 00| 0 eng d
020
_a
0029012503
041
_a
eng
080
_a
316
100
_a
51
101
_a
SOC
245
_a
METHODS OF SOCIAL RESEARCH
_c
BAILEY,K.D
942
_2
udc
_c
BK
999
_c
33736
_d
33736